| 000 | 00380nam a2200145Ia 4500 | ||
|---|---|---|---|
| 008 | 230519s9999 xx 000 0 und d | ||
| 020 | _a978-93-81390-19-1 | ||
| 041 | _aeng | ||
| 082 | _aAD/610.7/CHA/DB0371 | ||
| 100 | _aChanda Eshita | ||
| 245 | _aIntroduction to Nursing Education | ||
| 260 |
_bS Vikas and Co _aJalandhar _c2014 |
||
| 300 | _a279p | ||
| 999 |
_c159185 _d159185 |
||